Història lausiaca / (Record no. 113509)

MARC details
000 -LEADER
campo de control de longitud fija 00731nam a2200229 i 4500
001 - NÚMERO DE CONTROL
campo de control 113509
003 - IDENTIFICADOR DE NÚMERO DE CONTROL
campo de control ES-MaACL
005 - FECHA Y HORA DE LA ÚLTIMA TRANSACCIÓN
campo de control 20230906185923.0
007 - CAMPO FIJO DE DESCRIPCIÓN FÍSICA--INFORMACIÓN GENERAL
campo de control de longitud fija t|
008 - DATOS DE LONGITUD FIJA--INFORMACIÓN GENERAL
campo de control de longitud fija 061121s1927 sp r ||||1| cat d
100 1# - ENTRADA PRINCIPAL--NOMBRE DE PERSONA
Nombre de persona Paladio
Títulos y otros términos asociados al nombre Obispo de Aspuna.
9 (RLIN) 88449
245 10 - MENCIÓN DEL TÍTULO
Título Història lausiaca /
Mención de responsabilidad, etc. Palladi ; text revisat i traducció de Dom Antoni Ramón i Arrufat.
260 ## - PUBLICACIÓN, DISTRIBUCIÓN, ETC.
Lugar de publicación, distribución, etc. Barcelona :
Nombre del editor, distribuidor, etc. Fundació Bernat Metge,
Fecha de publicación, distribución, etc. 1927.
300 ## - DESCRIPCIÓN FÍSICA
Extensión XLII, 125 p. ;
Dimensiones 25 cm.
490 1# - MENCIÓN DE SERIE
Mención de serie Escriptors llatins
650 04 - PUNTO DE ACCESO ADICIONAL DE MATERIA--TÉRMINO DE MATERIA
Término de materia o nombre geográfico como elemento de entrada Monacato-
Subdivisión cronológica S.I-V.
9 (RLIN) 15140
700 1# - ENTRADA AGREGADA--NOMBRE PERSONAL
Nombre de persona Ramón y Arrufat, Antonio.
9 (RLIN) 95225
710 2# - ENTRADA AGREGADA--NOMBRE DE ENTIDAD CORPORATIVA
Nombre de entidad corporativa o nombre de jurisdicción como elemento de entrada Fundació Bernat Metge.
9 (RLIN) 4201
830 0# - PUNTO DE ACCESO ADICIONAL DE SERIE-TÍTULO UNIFORME
Título uniforme Escriptors llatins
9 (RLIN) 186353
852 ## - LOCALIZACIÓN
Ubicación ES-MaACL
Número de control de estantería C-8185
Holdings
Estatus retirado Estado de pérdida Estado de daño No para préstamo Biblioteca de origen Biblioteca actual Ubicación en estantería Fecha de adquisición Fuente de adquisición Total de préstamos Signatura topográfica completa Código de barras Visto por última vez Precio de reemplazo Tipo de ítem Koha
        Biblioteca del Ateneo de Madrid Biblioteca del Ateneo de Madrid Sala Palomar 17/01/2008     C-8185 1118385 23/02/2023 23/02/2023 Libro impreso